000 00357nam a2200145Ia 4500
008 150201s2011 xx 000 0 und d
082 _a610.7
_bM11B
100 _aBASAVANATHAPPA , BT.
245 _aMANAGEMENT OF NURSING SERVIES & EDUCATION
250 _a1ST
260 _bJAYPEE
_aINDIA
_c2011
300 _a606
650 _aNURSING
942 _2ddc
_cBK
_025
999 _c2221
_d2221